00451cam a22001937a 4500003000500000005001700005008004100022010000900063011000900072035000900081040000900090082001400099100002200113245003100135260004000166300002000206500001000226650002100236CHAP20220329133410.0971013s1992 enka r 00010 eng d a5909 a6881 a6104 cCHAP04a636.1bF700aFraser, Andrew F.14aThe behaviour of the horse aOxon :bC.A.B. International,c1992 a288 p.b: ilus. a60-5114aGanado caballar.